00430 a2200157 4500041001200000082001100012100002000023245007300043260002000116502005000136650002300186650001300209650001200222650001700234653002100251 aEnglish aCD5666 aSubedi, Matrika aCritical analysis of spoken discourse: a case of the film "Twilight" aKathmanduc2011 aDissertationbDegree in EducationcT.U.d2011 aDiscourse analysis aLanguage aGrammar aWord meaning aEnglish language